LEADER 01363nam a2200313 a 4500 001 000000125485 003 CaOOAMICUS 005 20110527101723.0 008 110527s2011 it u000 u ita r 020 $a978-88-13-31191-9 040 $aPUL$bita 082 04$a348.04 100 1 $aPirruccio, Paolo.$0(OLS)http://pul/name/79447 245 12$aL'espropriazione per pubblica utilità :$bprocedimento amministrativo e contenzioso giurisdizionale /$cPaolo Pirruccio. 260 $aPadova :$bCEDAM,$c2011. 300 $aXXVIII, 997 p. ;$c25 cm 490 1 $aSapere diritto ;$v17 500 $aInclude indici. 504 $aBibliografia in nota. 650 4$aEspropriazione per causa di pubblica utilità.$0(OLS)http://pul/subject/34685 830 0$aSapere diritto ;$v17.$0(OLS)http://pul/title/137468 850 $aPUL 852 $aPUL$W1$xSL Diritto e Scienze Sociali 3$y79$m348. 45 COLL 3.17$j144527$qDDC 21$B143555$CPULBib$Z2$F143555 $H117293 $82 941 1 $a9 996 $6020$a978-88-13-31191-9$9(OLS)http://pul/number/147343 996 $6082$a348.04$9(OLS)http://pul/classification/2027 996 $6245$aL'espropriazione per pubblica utilità :$bprocedimento amministrativo e contenzioso giurisdizionale$9(OLS)http://pul/title/158233 996 $6260$aPadova :$bCEDAM$9(OLS)http://pul/publisher/48126 LEADER 01193nam a2200289 a 4500 001 000000138321 003 CaOOAMICUS 005 20140512141826.0 008 140512s2013 it u000 u ita r 020 $a978-88-598-0030-9 040 $aPUL$bita 082 04$a346.45052 100 1 $aBonilini, Giovanni.$0(OLS)http://pul/name/29216 245 10$aManuale di diritto ereditario e delle donazioni /$cGiovanni Binilini. 250 $a6. ed. aggiornata e ampliata. 260 $aTorino :$bUTET Giuridica,$c©2013. 300 $aXIV, 515 p. ;$c25 cm 504 $aBibliografia in nota. 650 4$aSuccessione (diritto)$vManuali, trattati.$0(OLS)http://pul/subject/35632 850 $aPUL 852 $aPUL$W1$xDP2 Diritto e Scienze Sociali 3$y110$m346. 45052 BONGI 2$j159532$qDDC 21$B159067$CPULBib$Z2$F159067 $H123923 $82 941 1 $a9 996 $6020$a978-88-598-0030-9$9(OLS)http://pul/number/155168 996 $6082$a346.45052$9(OLS)http://pul/classification/2437 996 $6245$aManuale di diritto ereditario e delle donazioni$9(OLS)http://pul/title/175090 996 $6260$aTorino :$bUTET Giuridica$9(OLS)http://pul/publisher/79191